| 000 | 01039nam a22002177a 4500 | ||
|---|---|---|---|
| 003 | OSt | ||
| 005 | 20170408132514.0 | ||
| 008 | 150407b xxu||||| |||| 00| 0 eng d | ||
| 040 | _cCRI | ||
| 082 | _a658.8 | ||
| 100 |
_941042 _aSerrano Arias, Iris Azucena |
||
| 245 | 1 | 0 |
_aDiseño de un sistema de distribución para la empresa distribuidora y envasadora La Milagrosa en el casco urbano de los municipios de San Vicente y Cojutepeque _b: Proyecto _cIris Azucena Serrano Arias, María Fátima Urías, Sindy Marilyn Castillo Mastínez |
| 260 |
_aIlobasco (Cabañas) _bUniversidad Católica de El Salvador _c2014 |
||
| 300 |
_a39 p. _c27.5 cm _e+ 1 disco compacto |
||
| 502 | _aTrabajo de graduación para optar al grado académico de Licenciado en Mercadeo y Negocios Internacionales | ||
| 650 | 0 |
_93991 _aMarketing |
|
| 700 |
_941043 _aUrías, María Fátima |
||
| 700 |
_941044 _aCastillo Martínez, Sindy Marilyn |
||
| 710 |
_940915 _aUniversidad Católica de El Salvador _bCentro Regional de Ilobasco |
||
| 942 |
_2ddc _cTG _hprozim |
||
| 999 |
_c27522 _d27522 |
||